000 00957nam a22002777a 4500
001 8984
003 FISKH
005 20251112141450.0
008 251112b cb ||||| |||| 00| 0 eng d
020 _a0590978020
040 _aFISKH
_beng
_cFISKH
_dFISKH
050 _aPZ5 .I895
082 _a808.8
100 _aMilne, A. A.
_eAuthor
245 _aNow I am six! :
_bA collection of stories all about being six for beginning readers /
_cBy A. A. Milne
260 _aNew York :
_bScholastic Inc. ,
_c1999
300 _a56 pages :
_bcolor illustrations ;
_c20 cm
505 _aG
520 _aGathers selections from stories by A.A. Milne, Syd Hoff, Marjorie Weinman Sharmat, Tony Johnston, Kathryn Cristaldi, Judy Delton, Gail Herman, and Miriam Cohen.
521 8 _a400
_bLexile estimate
521 8 _aG
_bRaz-Plus
650 _aEasy reader
_vSix years old
700 _aShepard, E.H.
_eIllustrator
942 _2ddc
_cBK
_n0
999 _c8984
_d8984